| 000 | 01110cam a22001934a 4500 | ||
|---|---|---|---|
| 005 | 20250605164020.0 | ||
| 008 | 250528s ||||||||||||||||||||||||d | ||
| 035 | _a16324 | ||
| 020 | _a486211002 | ||
| 040 |
_aGR-AtMCL _bgre _dGR-AtMCL _eAACR2 |
||
| 245 | 1 | _aThe Complete Book of Silk Screen Production | |
| 260 |
_bDover Publications, Inc, _c1963 |
||
| 300 | _a276 | ||
| 520 | _aA clear and complete picture of every aspect of press operation and silk screen technique. Brief History of the Process, Basic Equipment and Tools, Introduction to Stencil Making Techniques, Introduction to Photo Stencil Methods, Multicolor Work, Make-Ready and Printing and Wash Up, Facts on Screen Fabrics, Stretching Silk, Facts about Paints and Lacquers and Other Printing Compounds, Color Matching and Mixing, Facts on Paper and Board and Other Printing Surfaces, Textile and Wallpaper Printing, Automation, Mechanical Aids for Art Preparation, Silk Screen as a Fine Art Medium, Estimating Procedures, Bibliography, Index. | ||
| 700 | 1 |
_aBiegeleisen J. I. _92404 |
|
| 942 | _cBK | ||
| 999 |
_c1836 _d1836 |
||